000 00510nam a2200169 4500
001 131091
003 ES-MaACL
007 t|
008 070214s1985 xxk r ||||1| eng d
100 1 _aRoberts, Stephen Andrew
_997843
245 1 0 _aCost management for library and information services /
_cStephen A. Roberts.
250 _a1st pub.
260 _aLondon [etc.] :
_bButteerworths,
_c1985.
300 _aXV, 181 p. ;
_c24 cm.
852 _aES-MaACL
_jL-9461
_bR.111040
999 _c131091
_d131091